Muhammad Im Madina (Record no. 536)

MARC details
000 -LEADER
fixed length control field 00588nam a2200229 a 4500
020 ## - INTERNATIONAL STANDARD BOOK NUMBER
ISBN
082 00 - DEWEY DECIMAL CLASSIFICATION NUMBER
Classification number 297.63
Author Cutter WEL
100 ## - MAIN ENTRY--AUTHOR NAME
Author name Wellhausen, J
245 ## - TITLE STATEMENT
Title Muhammad Im Madina
260 ## - PUBLICATION, DISTRIBUTION, ETC. (IMPRINT)
Place of publication Berlin
Name of publisher Druck Und Verlag Von George Reimer
Year of publication 1882
500 ## - GENERAL NOTE
General note includes index and biblioraphy
505 2# - FORMATTED CONTENTS NOTE
Formatted contents note Kitab al Maghazi by Vakidi Translations
650 ## - SUBJECT ADDED ENTRY--TOPICAL TERM
Topical Term Muhammad, Prophet
942 ## - ADDED ENTRY ELEMENTS (KOHA)
Koha item type
700 1# -
-- Wellhausen, J
Holdings
Home library Current library Date acquired Cost, normal purchase price Full call number Accession Number Koha item type
Henry Martyn Institute Library Henry Martyn Institute Library 05/24/2005 100.00 297.63 WEL 03044 Archive Book
                   Copyright © 2026 | Henry Martyn Institute | Hyderabad | TS-500052 | INDIA | Implemented by hmi.edu.in
Hit-Count:

Powered by Koha